|
|
|
|
| LEADER |
01987nam a22003733i 4500 |
| 001 |
EBC31465747 |
| 003 |
MiAaPQ |
| 005 |
20240729202206.0 |
| 006 |
m o d | |
| 007 |
cr cnu|||||||| |
| 008 |
240729s2023 xx o ||||0 eng d |
| 020 |
|
|
|a 9780472903504
|q (electronic bk.)
|
| 020 |
|
|
|z 9780472056163
|
| 035 |
|
|
|a (MiAaPQ)EBC31465747
|
| 035 |
|
|
|a (Au-PeEL)EBL31465747
|
| 040 |
|
|
|a MiAaPQ
|b eng
|e rda
|e pn
|c MiAaPQ
|d MiAaPQ
|
| 100 |
1 |
|
|a Gorzelany-Mostak, Dana.
|
| 245 |
1 |
0 |
|a Tracks on the Trail :
|b Popular Music, Race, and the US Presidency.
|
| 250 |
|
|
|a 1st ed.
|
| 264 |
|
1 |
|a Ann Arbor :
|b University of Michigan Press,
|c 2023.
|
| 264 |
|
4 |
|c Ã2023.
|
| 300 |
|
|
|a 1 online resource (227 pages)
|
| 336 |
|
|
|a text
|b txt
|2 rdacontent
|
| 337 |
|
|
|a computer
|b c
|2 rdamedia
|
| 338 |
|
|
|a online resource
|b cr
|2 rdacarrier
|
| 490 |
1 |
|
|a Tracking Pop Series
|
| 505 |
0 |
|
|a Intro -- Contents -- Acknowledgments -- Introduction -- Chapter 1. Keepin' It Real (Respectable): Barack Obama's Music Strategy and the Formation of Presidential Identity -- Chapter 2. Anatomy of a Campaign Launch: Heal, Inspire, Revive, Erase with Ben Carson -- Chapter 3. Kamala Harris, Rap Genius? -- Chapter 4. Girls "Keep America Great": Singing the White Stuff for Donald Trump -- Chapter 5. Settling the Score: Pop Songs, Protest, and Punishment -- Notes -- Bibliography -- Index.
|
| 588 |
|
|
|a Description based on publisher supplied metadata and other sources.
|
| 590 |
|
|
|a Electronic reproduction. Ann Arbor, Michigan : ProQuest Ebook Central, 2024. Available via World Wide Web. Access may be limited to ProQuest Ebook Central affiliated libraries.
|
| 655 |
|
4 |
|a Electronic books.
|
| 776 |
0 |
8 |
|i Print version:
|a Gorzelany-Mostak, Dana
|t Tracks on the Trail
|d Ann Arbor : University of Michigan Press,c2023
|z 9780472056163
|
| 797 |
2 |
|
|a ProQuest (Firm)
|
| 830 |
|
0 |
|a Tracking Pop Series
|
| 856 |
4 |
0 |
|u https://ebookcentral.proquest.com/lib/matrademy/detail.action?docID=31465747
|z Click to View
|